True grit (Record no. 363066)
[ view plain ]
| 000 -LEADER | |
|---|---|
| fixed length control field | 03225ngm a2200613 a 4500 |
| 005 - DATE AND TIME OF LATEST TRANSACTION | |
| control field | 20210712093152.0 |
| 008 - FIXED-LENGTH DATA ELEMENTS--GENERAL INFORMATION | |
| fixed length control field | 210712b |||||||| |||| 00| 0 eng d |
| 020 ## - INTERNATIONAL STANDARD BOOK NUMBER | |
| International Standard Book Number | 9781415758755 |
| 020 ## - INTERNATIONAL STANDARD BOOK NUMBER | |
| International Standard Book Number | 1415758751 |
| 040 ## - CATALOGING SOURCE | |
| Description conventions | rda |
| 092 ## - LOCALLY ASSIGNED DEWEY CALL NUMBER (OCLC) | |
| Classification number | DVD |
| 130 0# - MAIN ENTRY--UNIFORM TITLE | |
| Uniform title | True grit (Motion picture : 2010) |
| 9 (RLIN) | 6223272 |
| 245 10 - TITLE STATEMENT | |
| Title | True grit |
| Medium | [videorecording] / |
| Statement of responsibility, etc | Paramount Pictures and Skydance Productions present ; written for the screen and directed by Joel Coen & Ethan Coen ; produced by Scott Rudin, Ethan Coen, Joel Coen ; a Scott Rudin/Mike Zess production. |
| 260 ## - PUBLICATION, DISTRIBUTION, ETC. (IMPRINT) | |
| Place of publication, distribution, etc | Hollywood, Calif. : |
| Name of publisher, distributor, etc | Paramount Pictures, |
| Date of publication, distribution, etc | c2011. |
| 264 #0 - Production, Publication, Distribution, Manufacture, and Copyright Notice. | |
| Place of production, publication, distribution, manufacture | Hollywood, Calif. : |
| Name of producer, publisher, distributor, manufacturer | Paramount Pictures, |
| Date of production, publication, distribution, manufacture, or copyr | c2011. |
| 300 ## - PHYSICAL DESCRIPTION | |
| Extent | 1 videodisc (110 min.) : |
| Other physical details | sd., col. ; |
| Dimensions | 4 3/4 in. |
| 500 ## - GENERAL NOTE | |
| General note | Title from container. |
| 500 ## - GENERAL NOTE | |
| General note | Based on the book True grit by Charles Portis. |
| 500 ## - GENERAL NOTE | |
| General note | DVD release of the 2010 motion picture. |
| 508 ## - CREATION/PRODUCTION CREDITS NOTE | |
| Creation/production credits note | Director of photography, Roger Deakins ; editor, Roderick Jaynes ; music, Carter Burwell. |
| 511 1# - PARTICIPANT OR PERFORMER NOTE | |
| Participant or performer note | Jeff Bridges, Matt Damon, Josh Brolin, Barry Pepper, Hailee Steinfeld, Dakin Matthews, Elizabeth Marvel. |
| 520 ## - SUMMARY, ETC. | |
| Summary, etc | Mattie Ross is determined to avenge her father's blood by capturing Tom Chaney, the man who shot and killed him for two pieces of gold. Just fourteen, she enlists the help of Rooster Cogburn, a one-eyed, trigger-happy U.S. Marshal with an affinity for drinking, and hardened Texas Ranger LaBoeuf to track the fleeing Chaney. Despite their differences, their ruthless determination leads them on a perilous adventure that can only have one outcome: retribution. Special features include featurettes. |
| 521 ## - TARGET AUDIENCE NOTE | |
| Target audience note | MPAA: PG-13. |
| 538 ## - SYSTEM DETAILS NOTE | |
| System details note | DVD, NTSC; region 1 ; widescreen presentation ; Dolby digital 5.1 surround. |
| 546 ## - LANGUAGE NOTE | |
| Language note | In English, dubbed French or dubbed Spanish, with optional subtitles in English, French or Spanish ; optional descriptive audio in English for the visually impaired. Closed-captioned. |
| 600 10 - SUBJECT ADDED ENTRY--PERSONAL NAME | |
| Personal name | Portis, Charles |
| Form subdivision | Film adaptations. |
| 9 (RLIN) | 6422353 |
| 650 #0 - SUBJECT ADDED ENTRY--TOPICAL TERM | |
| Topical term or geographic name as entry element | Teenage girls |
| Geographic subdivision | Arkansas |
| Form subdivision | Drama. |
| 9 (RLIN) | 6422354 |
| 650 #0 - SUBJECT ADDED ENTRY--TOPICAL TERM | |
| Topical term or geographic name as entry element | Fathers |
| General subdivision | Death |
| Form subdivision | Drama. |
| 9 (RLIN) | 5689201 |
| 650 #0 - SUBJECT ADDED ENTRY--TOPICAL TERM | |
| Topical term or geographic name as entry element | United States marshals |
| Form subdivision | Drama. |
| 9 (RLIN) | 6422355 |
| 650 #0 - SUBJECT ADDED ENTRY--TOPICAL TERM | |
| Topical term or geographic name as entry element | Revenge |
| Form subdivision | Drama. |
| 9 (RLIN) | 5697951 |
| 655 #0 - INDEX TERM--GENRE/FORM | |
| Genre/form data or focus term | Video recordings for the hearing impaired. |
| 655 #0 - INDEX TERM--GENRE/FORM | |
| Genre/form data or focus term | Video recordings for people with visual disabilities. |
| 9 (RLIN) | 5676923 |
| 655 #0 - INDEX TERM--GENRE/FORM | |
| Genre/form data or focus term | Western films. |
| 655 #0 - INDEX TERM--GENRE/FORM | |
| Genre/form data or focus term | Action and adventure films. |
| 655 #0 - INDEX TERM--GENRE/FORM | |
| Genre/form data or focus term | Fiction films. |
| 655 #0 - INDEX TERM--GENRE/FORM | |
| Genre/form data or focus term | Film adaptations. |
| 655 #0 - INDEX TERM--GENRE/FORM | |
| Genre/form data or focus term | Feature films. |
| 655 #0 - INDEX TERM--GENRE/FORM | |
| Genre/form data or focus term | Feature films |
| Geographic subdivision | United States. |
| 9 (RLIN) | 5702540 |
| 700 1# - ADDED ENTRY--PERSONAL NAME | |
| Personal name | Coen, Ethan. |
| Relator code | aus |
| -- | drt |
| -- | pro |
| 9 (RLIN) | 29344 |
| 700 1# - ADDED ENTRY--PERSONAL NAME | |
| Personal name | Coen, Joel. |
| Relator code | aus |
| -- | drt |
| -- | pro |
| 9 (RLIN) | 29343 |
| 700 1# - ADDED ENTRY--PERSONAL NAME | |
| Personal name | Rudin, Scott, |
| Dates associated with a name | 1958- |
| Relator code | pro |
| 9 (RLIN) | 23771 |
| 700 1# - ADDED ENTRY--PERSONAL NAME | |
| Personal name | Bridges, Jeff, |
| Dates associated with a name | 1949- |
| Relator code | act |
| 9 (RLIN) | 27693 |
| 700 1# - ADDED ENTRY--PERSONAL NAME | |
| Personal name | Damon, Matt. |
| Relator code | act |
| 9 (RLIN) | 46204 |
| 700 1# - ADDED ENTRY--PERSONAL NAME | |
| Personal name | Brolin, Josh. |
| Relator code | act |
| 9 (RLIN) | 23915 |
| 700 1# - ADDED ENTRY--PERSONAL NAME | |
| Personal name | Pepper, Barry, |
| Dates associated with a name | 1970- |
| Relator code | act |
| 9 (RLIN) | 68124 |
| 700 1# - ADDED ENTRY--PERSONAL NAME | |
| Personal name | Steinfeld, Hailee. |
| Relator code | act |
| 9 (RLIN) | 5742378 |
| 700 1# - ADDED ENTRY--PERSONAL NAME | |
| Personal name | Portis, Charles. |
| Title of a work | True grit. |
| 9 (RLIN) | 5808668 |
| 710 2# - ADDED ENTRY--CORPORATE NAME | |
| Corporate name or jurisdiction name as entry element | Paramount Pictures Corporation. |
| 9 (RLIN) | 7712 |
| 710 2# - ADDED ENTRY--CORPORATE NAME | |
| Corporate name or jurisdiction name as entry element | Skydance Productions. |
| 9 (RLIN) | 61255 |
| 942 ## - ADDED ENTRY ELEMENTS (KOHA) | |
| Source of classification or shelving scheme | Dewey Decimal Classification |
| Koha item type | DVD |
| Withdrawn status | Lost status | Source of classification or shelving scheme | Damaged status | Not for loan | Collection code | Home library | Current library | Shelving location | Date acquired | Source of acquisition | Cost, normal purchase price | Total Checkouts | Total Renewals | Full call number | Barcode | Date last seen | Date checked out | Cost, replacement price | Price effective from | Koha item type |
|---|---|---|---|---|---|---|---|---|---|---|---|---|---|---|---|---|---|---|---|---|
| Dewey Decimal Classification | Movies | Wasatch County Library | Wasatch County Library | Audio Visual Area | 06/20/2011 | Amazon | 15.95 | 94 | 12 | DVD Tru | 34301000993222 | 01/05/2026 | 12/30/2025 | 15.95 | 03/20/2020 | DVD |
